01680nam a2200313 a 450000100060000000300080000600500170001400800410003102000210007203500130009303500180010604000520012404100080017608200250018410000340020924501630024325000160040626000370042230000430045950400410050250506140054360000330115765000520119070000210124270000290126370000370129270000190132970000180134821119BD-RjUL20211209000642.0140303s1974 enkch b 001 0deng d a0198124740 (v.3) a65-02115 aBD-RjUL)21183 aDLCcWSUdOCLdm.cdSERdOCLdEQOdBD-RjULbeng aeng04a823.04bDIL V-3 19741 aDickens, Charles,d1812-1870.14aThe letters of Charles Dickens /cgeneral editors: Madeline House and Graham Storey ; associate editors: W.J. Carlton ... [et al.].nVolume Three :p1842-1843 aPilgrim ed. aOxford :bClarendon Press,c1974 axxv,637p. :bfacsims., ports ;c24 cm. aBibliographical footnotes. and Index0 av. 1. 1820-1839 -- v. 2. 1840-1841 -- v. 3. 1842-1843 / edited by Madeline House, Graham Storey and Kathleen Tillotson -- v. 4. 1844-1846 / -- v. 5. 1847-1849 -- v. 6. 1850-1852 / edited by Graham Storey, Kathleen Tillotson and Nina Burgis -- v. 7. 1853-1855 / edited by Graham Storey, Kathleen Tillotson and Angus Easson -- v. 8. 1856-1858 / edited by Graham Storey and Kathleen Tillotson -- v. 9. 1859-1861 / edited by Madeline House, Graham Storey, Kathleen Tillotson -- v. 10. 1862-1864 / edited by Graham Storey -- v. 11. 1865-1867 / edited by Graham Storey -- v. 12. 1868-1870 / edited by Graham Storey.10aDickens, Charles,d1812-1870 0aAuthors, Englishy19th centuryvCorrespondence.1 aHouse, Madeline.1 aStorey, Graham,d1920- .1 aTillotson, Kathleen,d1906-2001.1 aEasson, Angus.1 aBurgis, Nina.